|
|
|
|
| LEADER |
00000nab a2200000uu 4500 |
| 001 |
vtls011540795 |
| 003 |
SK-MaSNL |
| 005 |
20260303140610.0 |
| 008 |
230218|1996 xo |||||||||||||||||eng| |
| 015 |
|
|
|a SNBRB
|
| 035 |
|
|
|a (urnnbn)urn:nbn:sk:snk:ar-a09rux
|
| 035 |
|
|
|a (uuid)b2a77ba9-a838-4359-ae88-5f6ee0193e16
|
| 035 |
|
|
|a urn:nbn:sk:snk-abeyy6
|
| 040 |
|
|
|a SNKBUCL
|b slo
|c SNKBUCL
|e AACR2
|
| 041 |
0 |
|
|a eng
|
| 044 |
|
|
|a xo
|c SK
|
| 100 |
1 |
|
|a Allegro, Gianni
|4 aut
|9 1159124
|
| 245 |
1 |
0 |
|a SUSCEPTIBILITY OF POPULUS NIGRA L. TO THE WOOLLY POPLAR APHID (PHLOEOMYZUS PASSERINII SIGN.)
|c Gianni Allegro, Luisa Cagelli
|
| 700 |
1 |
|
|a Cagelli, Luisa
|4 aut
|9 1159125
|
| 773 |
0 |
|
|t Forest Genetics : international journal of forest genetics
|g Roč. 3, č. 1 (1996), s. 23-26
|
| 958 |
|
|
|a OND
|
| 958 |
|
|
|a EUIPO
|
| 958 |
|
|
|a article22
|
| 999 |
|
|
|c 1972489
|d 1974419
|